Novel prize winners in physics / (Record no. 122401)
[ view plain ]
| 000 -LEADER | |
|---|---|
| fixed length control field | 00674nam a22002177a 4500 |
| 005 - DATE AND TIME OF LATEST TRANSACTION | |
| control field | 20170124105909.0 |
| 010 ## - LIBRARY OF CONGRESS CONTROL NUMBER | |
| LC control number | B-216489 |
| 020 ## - INTERNATIONAL STANDARD BOOK NUMBER | |
| International Standard Book Number | 9788176487436 |
| 035 ## - SYSTEM CONTROL NUMBER | |
| System control number | B-216489 |
| 037 ## - SOURCE OF ACQUISITION | |
| Source of stock number/acquisition | Cen Lib/Ret |
| 040 ## - CATALOGING SOURCE | |
| Original cataloging agency | DPL |
| Language of cataloging | EN |
| 082 ## - DEWEY DECIMAL CLASSIFICATION NUMBER | |
| Classification number | 530.92 |
| Item number | AGA |
| 100 ## - MAIN ENTRY--PERSONAL NAME | |
| Personal name | Agarwal, Arun |
| 9 (RLIN) | 10007 |
| 245 ## - TITLE STATEMENT | |
| Title | Novel prize winners in physics / |
| Statement of responsibility, etc | by Arun Agarwal |
| 260 ## - PUBLICATION, DISTRIBUTION, ETC. (IMPRINT) | |
| Place of publication, distribution, etc | New Delhi |
| Name of publisher, distributor, etc | A P H Publishing Corporation |
| Date of publication, distribution, etc | 2008 |
| 270 ## - ADDRESS | |
| Address | 4435-36/7, Ansari Road, Darya Ganj |
| City | New Delhi |
| Postal code | 110002 |
| 300 ## - PHYSICAL DESCRIPTION | |
| Extent | x, 331p. : |
| Other physical details | ill. |
| Dimensions | 24cm(Hb) |
| 650 ## - SUBJECT ADDED ENTRY--TOPICAL TERM | |
| Topical term or geographic name as entry element | Physics-noble Lauretes |
| 9 (RLIN) | 10008 |
| 650 ## - SUBJECT ADDED ENTRY--TOPICAL TERM | |
| Topical term or geographic name as entry element | Physicst-noble prizes |
| 9 (RLIN) | 10009 |
| 942 ## - ADDED ENTRY ELEMENTS (KOHA) | |
| Source of classification or shelving scheme | Dewey Decimal Classification |
| Koha item type | English Books |
| Classification part | 530.92 |
| Call number suffix | AGA |
| Withdrawn status | Lost status | Damaged status | Not for loan | Collection code | Home library | Current library | Date acquired | Source of acquisition | Cost, normal purchase price | Total Checkouts | Full call number | Barcode | Date last seen | Copy number | Cost, replacement price | Price effective from | Koha item type |
|---|---|---|---|---|---|---|---|---|---|---|---|---|---|---|---|---|---|
| Not For Loan | Reference | Central Library | Central Library | 21/05/2015 | Cen Lib/Ret | 530.92 | 530.92 AGA | B-216489 | 21/05/2015 | 1 | 530.92 | 15/09/2016 | English Books |
